[Event "Porto Mannu op 10th"]
[Site "Porto Mannu"]
[Date "2018.06.02"]
[Round "3"]
[White "Hoogland, Rob"]
[Black "Piasetski, Leon David"]
[Result "1-0"]
[WhiteElo "1916"]
[BlackElo "2257"]
[PlyCount "89"]
[EventDate "2018.06.02"]
[EventType "swiss"]
[EventRounds "9"]
[EventCountry "ITA"]
[SourceTitle "CBM 184 Extra"]
[Source "ChessBase"]
[SourceDate "2018.06.28"]
[SourceVersion "1"]
[SourceVersionDate "2018.06.28"]
[SourceQuality "1"]

1. d4 f5 2. c4 Nf6 3. Nc3 g6 4. h4 Nc6 5. h5 e5 6. d5 Ne7 7. Bg5 Kf7 8. Bxf6 Kxf6 9. d6 cxd6 10. Qxd6+ Kf7 11. Nf3 Nc6 12. Qd5+ Kg7 13. hxg6 Qf6 14. Rxh7+ Rxh7 15. gxh7 Kxh7 16. e4 Bb4 17. exf5 Nd4 18. 0-0-0 Bxc3 19. bxc3 Nxf5 20. Nxe5 Kg7 21. Bd3 d6 22. Nf3 Qxc3+ 23. Bc2 Qa1+ 24. Kd2 Qf6 25. Qe4 Kf8 26. g4 Ne7 27. Re1 Bd7 28. g5 Qg7 29. Qf4+ Qf7 30. Qxd6 Bc6 31. Bg6 Qxg6 32. Qxe7+ Kg8 33. Ne5 Qf5 34. Nxc6 Qxf2+ 35. Re2 Qf4+ 36. Qe3 Qxe3+ 37. Rxe3 bxc6 38. Re6 Rf8 39. Rg6+ Kh7 40. Rxc6 Rf2+ 41. Kc3 Rxa2 42. Kb4 Rg2 43. Rc7+ Kg8 44. Rxa7 Rxg5 45. Re7 1-0

[Event "Guernsey op 43rd"]
[Site "Vale"]
[Date "2017.10.17"]
[Round "3"]
[White "Von Saldern, Ruediger"]
[Black "Hoogland, Rob"]
[Result "0-1"]
[WhiteElo "1894"]
[BlackElo "1915"]
[PlyCount "68"]
[EventDate "2017.10.15"]
[EventType "swiss"]
[EventRounds "7"]
[EventCountry "GCI"]
[SourceTitle "CBM 181 Extra"]
[Source "ChessBase"]
[SourceDate "2017.12.12"]
[SourceVersion "1"]
[SourceVersionDate "2017.12.12"]
[SourceQuality "1"]

1. d4 d5 2. Nf3 c6 3. c4 Nf6 4. Nc3 dxc4 5. a4 Bf5 6. Ne5 e6 7. e3 Nbd7 8. Nxc4 Qc7 9. Be2 Be7 10. 0-0 0-0 11. Bf3 e5 12. e4 Bg6 13. Be3 Rad8 14. Qb3 exd4 15. Bxd4 Nc5 16. Bxc5 Bxc5 17. Rac1 Nd7 18. a5 Rfe8 19. Rfe1 Ne5 20. Nxe5 Rxe5 21. a6 b6 22. Rcd1 h5 23. Rxd8+ Qxd8 24. Rd1 Qc8 25. Qc4 Kh7 26. b4 b5 27. Qb3 Be7 28. Qa3 Qf8 29. Rb1 f5 30. exf5 Bxf5 31. Rc1 Bxb4 32. Qa1 Ba3 33. Rf1 Bd3 34. Rd1 Bc2 0-1

[Event "Spijkenisse op"]
[Site "Spijkenisse"]
[Date "2010.05.16"]
[Round "5"]
[White "De Freytas, Paul"]
[Black "Hoogland, Rob"]
[Result "1/2-1/2"]
[WhiteElo "1787"]
[BlackElo "1703"]
[PlyCount "105"]
[EventDate "2010.05.14"]
[EventType "swiss"]
[EventRounds "6"]
[EventCountry "NED"]
[SourceTitle "CBM 136 Extra"]
[Source "ChessBase"]
[SourceDate "2010.07.02"]
[SourceVersion "2"]
[SourceVersionDate "2010.07.15"]
[SourceQuality "1"]

1. g3 c5 2. e4 g6 3. Bg2 Bg7 4. d3 Nc6 5. f4 e6 6. Nc3 Nge7 7. Nf3 d5 8. 0-0 0-0 9. Bd2 Rb8 10. a4 a6 11. Qe2 b5 12. axb5 axb5 13. Rab1 Bd7 14. Kh1 b4 15. Nd1 dxe4 16. dxe4 Nd4 17. Nxd4 Bxd4 18. c4 bxc3 19. Nxc3 Bxc3 20. bxc3 Ba4 21. Be3 Qd6 22. Qc4 Bc2 23. Rxb8 Rxb8 24. Qxc5 Qd7 25. Qd4 Qxd4 26. Bxd4 Rb1 27. Rxb1 Bxb1 28. Kg1 Kf8 29. Bc5 Ke8 30. Bxe7 Kxe7 31. Kf2 e5 32. Ke3 Ke6 33. Bf1 exf4+ 34. gxf4 f6 35. h4 h6 36. Kd4 g5 37. hxg5 hxg5 38. fxg5 fxg5 39. Be2 Bc2 40. c4 Ba4 41. e5 Ke7 42. Kd5 Bd7 43. c5 Bh3 44. Bd3 g4 45. Bf5 Bg2+ 46. Kd4 g3 47. Ke3 Bd5 48. Bh3 Bc6 49. Ke2 Bd5 50. Kf1 Bc6 51. Bg2 Bb5+ 52. Ke1 Ke6 53. c6 1/2-1/2